| 000 | 00743nam a2200241Ia 4500 | ||
|---|---|---|---|
| 003 | OSt | ||
| 005 | 20260409092807.0 | ||
| 008 | 210210b2014 xxu||||| |||| 00| 0 eng d | ||
| 020 | _a97893831710206 | ||
| 040 | _cAL | ||
| 041 | _aHindi | ||
| 082 | _aH891.8 MAHM | ||
| 100 |
_aMAHAN (Arif) _dमहान (आरिफ) _9255340 |
||
| 245 |
_aMedia: hindi aur patrkarita _bमीडिया : हिंदी और पत्रकारिता |
||
| 260 |
_aKanpur _b- _c2014 |
||
| 300 | _a136 | ||
| 650 |
_apatrkarita _9255341 |
||
| 650 |
_aJournalism _9255342 |
||
| 690 |
_aHindi Miscellaneous _9255345 |
||
| 700 |
_aTAHASILDAR (Rashid) Ed _9255346 _dतहसीलदार (रशीद) |
||
| 906 | _a073342 | ||
| 942 |
_2ddc _cBK |
||
| 999 |
_c123238 _d123238 |
||